Statistics for Country to following Capital in Alphabetical order and Back: from Algeria to Algeria

Click here to take the quiz!

General Stats

  • This quiz has been taken 49 times
  • The average score is 10 of 17

Answer Stats

Algeria % Correct
{}K{azakhstan}
91%
{}Q{atar}
88%
{A}m{man}
81%
{P}e{ru}
69%
{S}p{ain}
59%
{Ma}j{uro}
56%
{I}s{rael}
56%
{J}u{ba}
56%
{As}u{nción}
56%
{Li}s{bon}
56%
{D}u{blin}
56%
{N}u{kuʻalofa}
47%
{Ma}u{ritania}
47%
{T}i{rana}
44%
{B}h{utan}
44%
{Port}o{-Novo}
44%
{T}r{inidad and Tobago}
44%

Score Distribution

Percentile by Number Answered

Percent of People with Each Score

Your Score History

You have not taken this quiz